Das neue Wörterbuch des Teufels : ein aphoristisches Lexikon mit zwei Essays zu Ambrose Bierce und Karl Kraus sowie aphoristischen Reflexionen zum Aphorismus selbst /
Saved in:
| Main Author: | |
|---|---|
| Format: | Book |
| Language: | German |
| Published: |
Wien :
Klever,
[2014]
|
| Series: | Klever essay.
|
| Subjects: | |
| Tags: |
Add Tag
No Tags, Be the first to tag this record!
|
| LEADER | 01646nam a2200397Ii 4500 | ||
|---|---|---|---|
| 001 | 014015575-9 | ||
| 005 | 20140521232454.0 | ||
| 008 | 140516s2014 au d 000 0 ger d | ||
| 020 | |a 9783902665751 (hd.bd.) | ||
| 035 | 0 | |a ocn876704315 | |
| 035 | |a (MARCnow)har130602704 | ||
| 040 | |a NyNyMAR |b eng |e rda |c NyNyMAR | ||
| 043 | |a e-gx--- | ||
| 050 | 4 | |a PT2720.U24 |b N48 2014 | |
| 090 | |a PT2720.U24 |b Z459 2014 | ||
| 100 | 1 | |a Schuberth, Richard, |d 1968- |e author. | |
| 245 | 1 | 4 | |a Das neue Wörterbuch des Teufels : |b ein aphoristisches Lexikon mit zwei Essays zu Ambrose Bierce und Karl Kraus sowie aphoristischen Reflexionen zum Aphorismus selbst / |c Richard Schuberth. |
| 246 | 3 | 0 | |a Aphoristisches Lexikon mit zwei Essays zu Ambrose Bierce und Karl Kraus sowie aphoristischen Reflexionen zum Aphorismus selbst |
| 264 | 1 | |a Wien : |b Klever, |c [2014] | |
| 300 | |a 227 pages ; |c 21 cm. | ||
| 336 | |a text |2 rdacontent | ||
| 337 | |a unmediated |2 rdamedia | ||
| 338 | |a volume |2 rdacarrier | ||
| 490 | 1 | |a Klever Essay | |
| 505 | 0 | 0 | |t Das neue Wörterbuch des Teufels -- |t Ambrose Bierce und das Wörterbuch des Teufels -- |t Plädoyer für den Aphorismus -- |t Schaum und Blasen : Mitunter aphoristische Betrachtungen zu Aphorismen und wie sie mich verwenden. |
| 650 | 0 | |a German language |v Dictionaries |v Humor. | |
| 650 | 0 | |a German language |x Semantics |v Humor. | |
| 650 | 0 | |a Vocabulary |v Humor. | |
| 650 | 0 | |a Wit and humor. | |
| 650 | 0 | |a Aphorisms and apothegms. | |
| 650 | 0 | |a German language |v Humor. | |
| 651 | 0 | |a Germany |x Intellectual life |y 21st century |v Humor. | |
| 830 | 0 | |a Klever essay. | |
| 899 | |a 415_565960 | ||
| 988 | |a 20140426 | ||
| 906 | |0 VEN | ||


